000 01238nam a2200229Ia 4500
003 Ost
005 20260507075316.0
008 260507s9999||||xx |||||||||||||| ||und||
040 _cfsecg
041 _aara
082 _a658.8
100 _aعبيدات، محمد ابراهيم
_eمؤلف
245 0 _aمبادئ التسويق :
_bمدخل سلوكي /
_c محمد ابراهيم عبيدات
250 _aطبعة 5 مزيدة و منقحة
260 _aعمان:
_bدار وائل للنشر والتوزيع,
_c2008
300 _a429 صفحة؛
_c25 سم
520 _aمقدمة في التسويق، البيئة في التسويق، بحوث التسويق، سلوك المستهلك النهائي، المشتري الصناعي، تقسيم السوق و سياسات و قرارات السلعة ، تطوير السلع الجديدة ، أهداف و سياسات التسعير، قنوات التوزيع، المؤسسات التسويقية، التوزيع المادي و الترويج، ادارة البيع الشخصي و أخيرا التسويق الدولي
653 _aأدارة المبيعات
653 _aالتسويق
653 _aالتسويق الدولي
942 _cكتاب
999 _c43897
_d43897